00606nam a2200169Ia 4500008004100000020001800041050002000059100003100079245006100110250000600171260002700177300001700204440002100221650006800242952010900310999001700419120626s9999 xx 000 0 und d a970-10-6237-X aKGF4611.A24 M42 aMABARAK CERECEDO, Doricela aDerecho financiero pùblico / Doricela Mabarak Cerecedo a3 aMèxico : McGraw Hill aXXIV, 330 p. a(Serie juridica) a1. FINANZAS PUBLICAS -- LEGISLACION -- ENSEÑANZA -- MEXICOÌ 00104070a09b09d2009-01-23l2oKGF4611.A24 M42p09 002724r2018-10-31s2018-10-31t1w2012-06-26yLB c64266d64266